[Event "Rio Grande do Norte zt CBX"]
[Site "Natal"]
[Date "2016.04.24"]
[Round "6.8"]
[White "Do Nascimento, Igor Oliveira"]
[Black "Frankental, David"]
[Result "0-1"]
[WhiteElo "1503"]
[BlackElo "1786"]
[PlyCount "74"]
[EventDate "2016.04.22"]
[EventType "swiss"]
[EventRounds "6"]
[EventCountry "BRA"]
[SourceTitle "EXT 2022"]
[Source "ChessBase"]
[SourceDate "2021.10.06"]
[SourceVersion "1"]
[SourceVersionDate "2021.10.06"]
[SourceQuality "1"]

1. c4 Nf6 2. Nf3 e6 3. g3 d5 4. cxd5 exd5 5. Bg2 Bd6 6. d4 c6 7. 0-0 0-0 8. Nc3 Be6 9. e3 Re8 10. Bd2 Bf5 11. Nh4 Bd3 12. Re1 Ne4 13. Nxe4 Bxe4 14. Bc3 Bxg2 15. Kxg2 Qg5 16. Nf3 Qh6 17. Qb3 b5 18. a4 g5 19. axb5 g4 20. Nh4 Be7 21. Nf5 Qh3+ 22. Kg1 Qh5 23. b6 a6 24. Nxe7+ Rxe7 25. Kf1 Qxh2 26. Ke2 Qg2 27. Rf1 Nd7 28. Bb4 Re6 29. Bc5 Rae8 30. Kd3 Nxc5+ 31. dxc5 Qe4+ 32. Kd2 d4 33. Rfe1 Qf3 34. Re2 dxe3+ 35. fxe3 Rd8+ 36. Ke1 Qh1+ 37. Kf2 Rf6# 0-1

[Event "Rio Grande do Norte zt CBX"]
[Site "Natal"]
[Date "2016.04.22"]
[Round "2.6"]
[White "Do Nascimento, Igor Oliveira"]
[Black "Hiramine, Rodrigo Yoshio Ferr"]
[Result "0-1"]
[WhiteElo "1503"]
[BlackElo "2115"]
[PlyCount "44"]
[EventDate "2016.04.22"]
[EventType "swiss"]
[EventRounds "6"]
[EventCountry "BRA"]
[SourceTitle "EXT 2022"]
[Source "ChessBase"]
[SourceDate "2021.10.06"]
[SourceVersion "1"]
[SourceVersionDate "2021.10.06"]
[SourceQuality "1"]

1. c4 Nf6 2. d4 g6 3. Nc3 d5 4. e3 Bg7 5. Bd3 0-0 6. Nf3 c5 7. 0-0 cxd4 8. exd4 Nc6 9. Qb3 dxc4 10. Qxc4 Be6 11. Qa4 Bg4 12. Be3 Bxf3 13. gxf3 Nd5 14. Be4 Nb6 15. Qc2 Nxd4 16. Bxd4 Qxd4 17. Rfd1 Qe5 18. Bxb7 Rab8 19. Be4 Nc4 20. Rd5 Qf4 21. b3 Ne5 22. Ne2 Nxf3+ 0-1

[Event "Natal Academia Potiguar 18th"]
[Site "Natal"]
[Date "2015.11.15"]
[Round "4.4"]
[White "De Barros, Sara Maria"]
[Black "Do Nascimento, Igor Oliveira"]
[Result "0-1"]
[WhiteElo "1522"]
[BlackElo "1497"]
[PlyCount "96"]
[EventDate "2015.11.13"]
[EventType "tourn"]
[EventRounds "9"]
[EventCountry "BRA"]
[SourceTitle "EXT 2022"]
[Source "ChessBase"]
[SourceDate "2021.10.06"]
[SourceVersion "1"]
[SourceVersionDate "2021.10.06"]
[SourceQuality "1"]

1. e4 e5 2. Nf3 Nc6 3. Nc3 Bb4 4. Bc4 Nf6 5. d3 d5 6. Bxd5 Nxd5 7. exd5 Qxd5 8. 0-0 Bxc3 9. bxc3 0-0 10. c4 Qd6 11. Re1 Bg4 12. Bb2 f6 13. Re3 Rad8 14. Qe1 Nb4 15. Qb1 Nc6 16. Nd2 Bf5 17. Ne4 Bxe4 18. Rxe4 Rfe8 19. Qf1 Qb4 20. Bc1 b6 21. Be3 Nd4 22. Bxd4 Rxd4 23. Rxd4 exd4 24. a3 Qc3 25. Qd1 Re5 26. h3 a6 27. a4 Ra5 28. Rb1 Rxa4 29. Qe2 Kf8 30. h4 Ra1 31. Rxa1 Qxa1+ 32. Kh2 Qa3 33. g3 Qd6 34. Qf3 c6 35. Qd1 a5 36. Qb1 Qb4 37. Qxb4+ axb4 38. Kg1 Ke7 39. Kf1 Kd6 40. Ke2 f5 41. Kf3 Ke5 42. g4 fxg4+ 43. Kxg4 Kf6 44. f4 g6 45. h5 gxh5+ 46. Kxh5 Kf5 47. Kh6 Kxf4 48. Kxh7 Ke3 0-1

[Event "Natal Academia Potiguar 18th"]
[Site "Natal"]
[Date "2015.11.13"]
[Round "1.4"]
[White "Do Nascimento, Igor Oliveira"]
[Black "Fernandes, Pedro Guilherme Mun"]
[Result "1/2-1/2"]
[WhiteElo "1497"]
[BlackElo "1427"]
[PlyCount "51"]
[EventDate "2015.11.13"]
[EventType "tourn"]
[EventRounds "9"]
[EventCountry "BRA"]
[SourceTitle "EXT 2022"]
[Source "ChessBase"]
[SourceDate "2021.10.06"]
[SourceVersion "1"]
[SourceVersionDate "2021.10.06"]
[SourceQuality "1"]

1. d4 c5 2. e3 Nf6 3. Nc3 d5 4. Nf3 Nc6 5. Bb5 Bg4 6. Bxc6+ bxc6 7. h3 Bxf3 8. Qxf3 e6 9. 0-0 Be7 10. b3 0-0 11. dxc5 Bxc5 12. Rd1 Qe7 13. Bb2 Ba3 14. Bxa3 Qxa3 15. Qe2 Qb4 16. Qd3 c5 17. f3 Rac8 18. Rac1 c4 19. Qd4 Qa5 20. a4 Rc6 21. Ne2 Rfc8 22. Qa1 cxb3 23. cxb3 Rxc1 24. Rxc1 Rxc1+ 25. Qxc1 h6 26. Qc3 1/2-1/2

[Event "Natal Potiguar op 10th"]
[Site "Natal"]
[Date "2015.07.05"]
[Round "6"]
[White "Silva, Manoela de Lyra"]
[Black "Do Nascimento, Igor Oliveira"]
[Result "1-0"]
[WhiteElo "1800"]
[BlackElo "1543"]
[PlyCount "23"]
[EventDate "2015.07.03"]
[EventType "swiss"]
[EventRounds "6"]
[EventCountry "BRA"]
[SourceTitle "CBM 167 Extra"]
[Source "ChessBase"]
[SourceDate "2015.09.14"]
[SourceVersion "1"]
[SourceVersionDate "2015.09.14"]
[SourceQuality "1"]

1. e4 g6 2. d4 Bg7 3. Be3 d6 4. Nc3 Nf6 5. Bb5+ Bd7 6. Qe2 0-0 7. Bg5 a6 8. Bxd7 Nbxd7 9. 0-0-0 Re8 10. e5 dxe5 11. dxe5 Nh5 12. g4 1-0

[Event "Natal Potiguar op 10th"]
[Site "Natal"]
[Date "2015.07.03"]
[Round "2"]
[White "Da Silva, Gerson Lennon Cabra"]
[Black "Do Nascimento, Igor Oliveira"]
[Result "0-1"]
[WhiteElo "1800"]
[BlackElo "1543"]
[PlyCount "30"]
[EventDate "2015.07.03"]
[EventType "swiss"]
[EventRounds "6"]
[EventCountry "BRA"]
[SourceTitle "CBM 167 Extra"]
[Source "ChessBase"]
[SourceDate "2015.09.14"]
[SourceVersion "1"]
[SourceVersionDate "2015.09.14"]
[SourceQuality "1"]

1. Nf3 d5 2. g3 Nf6 3. Bg2 Nc6 4. 0-0 e5 5. d3 Bd6 6. Re1 Bf5 7. Nbd2 Qd7 8. e4 dxe4 9. dxe4 Bh3 10. Nc4 Bxg2 11. Nxd6+ Qxd6 12. Qxd6 cxd6 13. Kxg2 Rc8 14. b3 Nb4 15. c4 Nc2 0-1